[Event "ESP-ch FEDC 27th"]
[Site "Almunecar"]
[Date "2018.12.02"]
[Round "7"]
[White "Ortiz Amenos, Jose Luis"]
[Black "Mondelo Fidalgo, Antonio"]
[Result "1-0"]
[WhiteElo "1911"]
[BlackElo "1690"]
[PlyCount "97"]
[EventDate "2018.11.26"]
[EventType "swiss"]
[EventRounds "8"]
[EventCountry "ESP"]
[SourceTitle "EXT 2024"]
[Source "ChessBase"]
[SourceDate "2023.10.10"]
[SourceVersion "1"]
[SourceVersionDate "2023.10.10"]
[SourceQuality "1"]

1. e4 d6 2. d4 Nf6 3. Nc3 Nbd7 4. Bc4 e5 5. Nf3 Be7 6. Bxf7+ Kxf7 7. Ng5+ Kg8 8. Ne6 Qe8 9. Nxc7 Qg6 10. 0-0 Rb8 11. f3 Nf8 12. dxe5 dxe5 13. Be3 Bh3 14. Rf2 Nh5 15. N7d5 Bd8 16. Kh1 Be6 17. Bxa7 Rc8 18. Bb6 Qe8 19. Bxd8 Rxd8 20. Rd2 Rd7 21. g4 Nf6 22. Ne3 Rxd2 23. Qxd2 Qd7 24. Rd1 Qxd2 25. Rxd2 N8d7 26. Ncd5 Kf7 27. c4 Rc8 28. b4 h6 29. Kg2 Nb8 30. c5 Nc6 31. Nc4 Ne8 32. b5 Nd4 33. Nxe5+ Kf8 34. Rxd4 Rxc5 35. a4 Rc2+ 36. Kg3 Rc1 37. h4 Rg1+ 38. Kf4 Rh1 39. h5 Rc1 40. Ke3 Rc5 41. Rc4 Rxc4 42. Nxc4 Nf6 43. Kd4 Ne8 44. Na5 Bc8 45. Ke5 Kf7 46. Nb6 Be6 47. Nxb7 Nc7 48. Nc5 Ba2 49. Nd5 1-0

[Event "ESP-ch FEDC 27th"]
[Site "Almunecar"]
[Date "2018.11.29"]
[Round "4"]
[White "Garcia Cervigon, Juan Pablo"]
[Black "Ortiz Amenos, Jose Luis"]
[Result "0-1"]
[WhiteElo "1694"]
[BlackElo "1911"]
[PlyCount "60"]
[EventDate "2018.11.26"]
[EventType "swiss"]
[EventRounds "8"]
[EventCountry "ESP"]
[SourceTitle "EXT 2024"]
[Source "ChessBase"]
[SourceDate "2023.10.10"]
[SourceVersion "1"]
[SourceVersionDate "2023.10.10"]
[SourceQuality "1"]

1. d4 d5 2. c4 c6 3. Nc3 Nf6 4. Bg5 e6 5. Nf3 Be7 6. e3 Nbd7 7. Rc1 0-0 8. Qc2 Ne4 9. Nxe4 dxe4 10. Bxe7 Qxe7 11. Qxe4 Qb4+ 12. Nd2 Qxb2 13. Qc2 Qxc2 14. Rxc2 b6 15. Be2 Ba6 16. c5 Bxe2 17. Kxe2 b5 18. Rb1 a5 19. Ne4 Rfb8 20. Nd6 Nf6 21. Kd3 Nd5 22. Re2 Kf8 23. f4 b4 24. Rf2 Nc3 25. Re1 f6 26. e4 Ra7 27. f5 e5 28. dxe5 fxe5 29. f6 g6 30. Re3 Nd1 0-1

[Event "ESP-ch FEDC 26th"]
[Site "Ciudad Real"]
[Date "2017.11.17"]
[Round "6.9"]
[White "Garcia Rodriguez, Florencio"]
[Black "Ortiz Amenos, Jose Luis"]
[Result "0-1"]
[WhiteElo "1747"]
[BlackElo "1907"]
[PlyCount "70"]
[EventDate "2017.11.12"]
[EventType "swiss"]
[EventRounds "8"]
[EventCountry "ESP"]
[SourceTitle "EXT 2024"]
[Source "ChessBase"]
[SourceDate "2023.10.10"]
[SourceVersion "1"]
[SourceVersionDate "2023.10.10"]
[SourceQuality "1"]

1. Nf3 Nf6 2. g3 g6 3. Bg2 Bg7 4. 0-0 0-0 5. d3 c5 6. e4 Nc6 7. c3 d6 8. Nbd2 Rb8 9. a4 a6 10. d4 cxd4 11. Nxd4 Qc7 12. Nxc6 bxc6 13. Qc2 Be6 14. Re1 Nd7 15. Nf3 c5 16. Bg5 f6 17. Bd2 Qb6 18. b4 Rfc8 19. bxc5 Nxc5 20. Nd4 Bd7 21. Reb1 Qc7 22. f4 e5 23. Qa2+ Kh8 24. Nc2 Bc6 25. Re1 Bxa4 26. Nb4 Bb3 27. Qb2 Bc4 28. Qc2 Bb3 29. Qb1 a5 30. Nc2 Bc4 31. Qd1 Nb3 32. Ra3 Nxd2 33. Qxd2 Rb2 34. Kh1 Bb3 35. Rxb3 Rxb3 0-1

[Event "Benidorm op 18th"]
[Site "Benidorm"]
[Date "2017.06.17"]
[Round "7"]
[White "Ortiz Amenos, Jose Luis"]
[Black "Septien Lopez, Valeriano"]
[Result "0-1"]
[WhiteElo "1926"]
[BlackElo "1841"]
[PlyCount "78"]
[EventDate "2017.06.11"]
[EventType "swiss"]
[EventRounds "7"]
[EventCountry "ESP"]
[SourceTitle "EXT 2018"]
[Source "ChessBase"]
[SourceDate "2017.10.13"]
[SourceVersion "1"]
[SourceVersionDate "2017.10.13"]
[SourceQuality "1"]

1. e4 c5 2. Nf3 Nc6 3. Bb5 g6 4. Bxc6 bxc6 5. 0-0 Bg7 6. h3 Nf6 7. d3 Qb6 8. Nc3 d6 9. Rb1 0-0 10. Be3 Ba6 11. b4 Qc7 12. bxc5 Nd7 13. cxd6 exd6 14. Qd2 f5 15. Bh6 Ne5 16. Nd4 Rae8 17. exf5 gxf5 18. Qg5 Ng6 19. Bxg7 Qxg7 20. Nde2 f4 21. Qa5 Bc8 22. f3 Bxh3 23. gxh3 Nh4+ 24. Kf2 Qg2+ 25. Ke1 Re5 26. Qxa7 Nxf3+ 27. Rxf3 Qxf3 28. Qg1+ Qg3+ 29. Kd1 Qxg1+ 30. Nxg1 f3 31. Nxf3 Rxf3 32. Rb6 Rxh3 33. Rxc6 Rc5 34. Rxc5 dxc5 35. a4 c4 36. Nb5 cxd3 37. c4 Rh2 38. a5 Ra2 39. a6 h5 0-1

[Event "Benidorm op 18th"]
[Site "Benidorm"]
[Date "2017.06.11"]
[Round "1"]
[White "Miramon Borragan, Gustavo"]
[Black "Ortiz Amenos, Jose Luis"]
[Result "1/2-1/2"]
[WhiteElo "1567"]
[BlackElo "1926"]
[PlyCount "127"]
[EventDate "2017.06.11"]
[EventType "swiss"]
[EventRounds "7"]
[EventCountry "ESP"]
[SourceTitle "EXT 2018"]
[Source "ChessBase"]
[SourceDate "2017.10.13"]
[SourceVersion "1"]
[SourceVersionDate "2017.10.13"]
[SourceQuality "1"]

1. e4 e5 2. Nf3 Nc6 3. Bb5 a6 4. Ba4 Nf6 5. d3 b5 6. Bb3 Bc5 7. 0-0 d6 8. c3 Bg4 9. Nbd2 Qd7 10. Re1 Bb6 11. Nf1 h6 12. Ng3 Ne7 13. Be3 Rb8 14. d4 Ng6 15. dxe5 Nxe5 16. Nxe5 dxe5 17. f3 Be6 18. Qc2 0-0 19. Rad1 Qc6 20. Nf5 Rfe8 21. Bxb6 Qxb6+ 22. Kf1 Qc5 23. Bxe6 Rxe6 24. Qf2 Qc4+ 25. Re2 Rbe8 26. a3 g6 27. Ne3 Qc6 28. Red2 Kg7 29. Nd5 Qc4+ 30. Qe2 Qc5 31. Qf2 Qc6 32. Nxf6 Rxf6 33. Rd5 Ree6 34. Qc5 Qxc5 35. Rxc5 c6 36. Ke2 g5 37. Rd7 g4 38. Rd3 gxf3+ 39. gxf3 Rg6 40. Ke3 Rg2 41. Rd2 Kf6 42. c4 Rxd2 43. Kxd2 Rd6+ 44. Ke2 Ke6 45. cxb5 axb5 46. b4 f6 47. Rc3 f5 48. Ke1 Kf6 49. Ke2 Kg5 50. Rc5 Kf4 51. exf5 Kxf5 52. Ke3 Ke6 53. Ke4 Rd4+ 54. Ke3 Kd6 55. Rc2 Rh4 56. Rd2+ Kc7 57. Rg2 Kb6 58. Rc2 Kb7 59. Rg2 Rc4 60. Rd2 Kb6 61. Rd6 Rc3+ 62. Rd3 Rc4 63. Rd6 Rh4 64. Rd2 1/2-1/2

[Event "Madrid FEDC-ch 25th"]
[Site "Madrid"]
[Date "2016.11.13"]
[Round "8"]
[White "Sanchez Ruiz, Justo"]
[Black "Ortiz Amenos, Jose Luis"]
[Result "0-1"]
[WhiteElo "1632"]
[BlackElo "1934"]
[PlyCount "102"]
[EventDate "2016.11.06"]
[EventType "swiss"]
[EventRounds "8"]
[EventCountry "ESP"]
[SourceTitle "CBM 175 Extra"]
[Source "ChessBase"]
[SourceDate "2016.12.12"]
[SourceVersion "1"]
[SourceVersionDate "2016.12.12"]
[SourceQuality "1"]

1. e4 e6 2. d4 d5 3. e5 c5 4. c3 Nc6 5. Nf3 Bd7 6. a3 c4 7. Nbd2 f6 8. b3 b5 9. bxc4 bxc4 10. exf6 Nxf6 11. Ne5 Bd6 12. Nxd7 Qxd7 13. Be2 Qc7 14. g3 h5 15. Bf3 h4 16. Qe2 Kd7 17. 0-0 Rae8 18. Re1 hxg3 19. fxg3 Bxg3 20. Nf1 Bxe1 21. Qxe1 Rh3 22. Qf2 Reh8 23. Ra2 Ne4 24. Bxe4 dxe4 25. Qf7+ Kc8 26. Qxe6+ Qd7 27. Qg6 Rxc3 28. Bf4 Qxd4+ 29. Rf2 Qd7 30. Qxe4 Re8 31. Qg2 Rxa3 32. Rd2 Rd3 33. Rb2 Qd4+ 34. Rf2 Qe4 35. Qg4+ Re6 36. Rg2 Qd4+ 37. Rf2 Qd7 38. Qh4 Rd5 39. Bg3 c3 40. Qf4 Rf6 41. Qc4 Rxf2 42. Qa6+ Qb7 43. Qxb7+ Kxb7 44. Bxf2 c2 45. Be3 Rd1 46. Kf2 c1Q 47. Bxc1 Rxc1 48. Ne3 a5 49. Ke2 Rh1 50. Ng4 a4 51. Kd2 a3 0-1

[Event "Madrid FEDC-ch 25th"]
[Site "Madrid"]
[Date "2016.11.12"]
[Round "7"]
[White "Ortiz Amenos, Jose Luis"]
[Black "Garcia Cervigon, Cecilio"]
[Result "0-1"]
[WhiteElo "1934"]
[BlackElo "1783"]
[PlyCount "90"]
[EventDate "2016.11.06"]
[EventType "swiss"]
[EventRounds "8"]
[EventCountry "ESP"]
[SourceTitle "CBM 175 Extra"]
[Source "ChessBase"]
[SourceDate "2016.12.12"]
[SourceVersion "1"]
[SourceVersionDate "2016.12.12"]
[SourceQuality "1"]

1. e4 d5 2. exd5 Qxd5 3. Nc3 Qa5 4. d4 c6 5. Bd2 Nf6 6. Bc4 Qc7 7. Nf3 Bg4 8. h3 Bxf3 9. Qxf3 e6 10. 0-0-0 Nbd7 11. Ne4 Nxe4 12. Qxe4 Nf6 13. Qf3 0-0-0 14. Bg5 Be7 15. Rhe1 h6 16. Bh4 Rhe8 17. Bg3 Bd6 18. Be5 Bxe5 19. dxe5 Rxd1+ 20. Qxd1 Nd5 21. g3 Qa5 22. Qe2 Rd8 23. Rd1 Nb4 24. Rxd8+ Qxd8 25. a3 Nd5 26. h4 Ne7 27. Bd3 Nd5 28. Kb1 Kb8 29. Qg4 Qf8 30. h5 Kc7 31. c4 Nb6 32. Qd4 Qd8 33. Qc3 c5 34. Be2 Kb8 35. Qe3 Qe7 36. Qe4 Nc8 37. f4 Qd7 38. Bf3 Ne7 39. Qe3 Nf5 40. Qf2 Qd3+ 41. Ka1 Nd4 42. Bg2 Nb3+ 43. Ka2 Qxc4 44. Kb1 Qc1+ 45. Ka2 Nd2 0-1

[Event "Madrid FEDC-ch 25th"]
[Site "Madrid"]
[Date "2016.11.11"]
[Round "6"]
[White "Lopez Perez, Angel Luis"]
[Black "Ortiz Amenos, Jose Luis"]
[Result "0-1"]
[WhiteElo "1744"]
[BlackElo "1934"]
[PlyCount "148"]
[EventDate "2016.11.06"]
[EventType "swiss"]
[EventRounds "8"]
[EventCountry "ESP"]
[SourceTitle "CBM 175 Extra"]
[Source "ChessBase"]
[SourceDate "2016.12.12"]
[SourceVersion "1"]
[SourceVersionDate "2016.12.12"]
[SourceQuality "1"]

1. e4 c6 2. d4 d5 3. Nc3 dxe4 4. Nxe4 Bf5 5. Ng3 Bg6 6. h4 h6 7. Nf3 e6 8. c4 Nf6 9. Be3 Qa5+ 10. Qd2 Qxd2+ 11. Bxd2 c5 12. Be3 cxd4 13. Nxd4 Bb4+ 14. Bd2 Bxd2+ 15. Kxd2 0-0 16. Be2 Nbd7 17. Rhd1 Nc5 18. Ke1 a5 19. b3 Rfd8 20. Nb5 Kf8 21. Rxd8+ Rxd8 22. Rd1 Nd3+ 23. Bxd3 Bxd3 24. f3 Ke7 25. Kf2 Rd7 26. Ke3 Bg6 27. Rxd7+ Kxd7 28. Kd4 Kc6 29. Ne2 Nd7 30. a3 b6 31. b4 axb4 32. axb4 e5+ 33. Kc3 Nf8 34. g4 f5 35. Ng3 f4 36. Ne2 Nd7 37. Kd2 Bh7 38. Kc3 g5 39. h5 Nf8 40. Kd2 Ne6 41. Kc3 e4 42. Nbd4+ Nxd4 43. Nxd4+ Kb7 44. Kd2 exf3 45. Nxf3 Bg8 46. Kc3 Be6 47. Ne5 Kc7 48. Kd4 Kd6 49. c5+ bxc5+ 50. bxc5+ Ke7 51. Ke4 Kf6 52. c6 Ke7 53. Ng6+ Kd6 54. Nxf4 Bxg4 55. c7 gxf4 56. Kxf4 Bc8 57. Ke4 Ke6 58. Kf4 Kf6 59. Ke4 Kg5 60. Kd5 Kxh5 61. Kd6 Kg4 62. Ke7 h5 63. Kd8 Bf5 64. c8N Bxc8 65. Kxc8 h4 66. Kc7 h3 67. Kb8 h2 68. Kb7 h1Q+ 69. Kb8 Qc6 70. Ka7 Kf5 71. Kb8 Ke6 72. Ka7 Qb5 73. Ka8 Kd7 74. Ka7 Kc6 0-1

[Event "Benidorm FEDC op 16th"]
[Site "Benidorm"]
[Date "2016.06.17"]
[Round "6.1"]
[White "Ortiz Amenos, Jose Luis"]
[Black "Diez Asensio, Jesus"]
[Result "1-0"]
[WhiteElo "1929"]
[BlackElo "1839"]
[PlyCount "76"]
[EventDate "2016.06.12"]
[EventType "swiss"]
[EventRounds "7"]
[EventCountry "ESP"]
[SourceTitle "EXT 2024"]
[Source "ChessBase"]
[SourceDate "2023.10.10"]
[SourceVersion "1"]
[SourceVersionDate "2023.10.10"]
[SourceQuality "1"]

1. e4 c5 2. Nf3 e6 3. d4 cxd4 4. Nxd4 a6 5. Bd3 Bc5 6. Nb3 Ba7 7. Qe2 Nc6 8. Be3 d6 9. Bxa7 Rxa7 10. Qe3 Qc7 11. Nc3 b5 12. Bxb5 axb5 13. Nxb5 Qb8 14. Nxa7 Nxa7 15. 0-0 Nf6 16. Rfd1 Nc6 17. Nd2 0-0 18. b3 d5 19. c3 Bb7 20. Re1 dxe4 21. Nxe4 Nxe4 22. Qxe4 Rd8 23. Qe2 Ne7 24. Rad1 Nd5 25. Qd2 Rc8 26. c4 Nf6 27. Qd4 h6 28. f3 Qa8 29. Rd2 Qa5 30. Re5 Qa3 31. Kf2 Qe7 32. Qd6 Qe8 33. Ra5 Rb8 34. Rb5 Qc8 35. Rc5 Qe8 36. Rc7 Ba8 37. Qa6 Rd8 38. Rxd8 Qxd8 1-0

[Event "Benidorm FEDC op 16th"]
[Site "Benidorm"]
[Date "2016.06.12"]
[Round "1.1"]
[White "Ortiz Amenos, Jose Luis"]
[Black "Gonzalez Quijano, Leopoldo"]
[Result "1-0"]
[WhiteElo "1929"]
[BlackElo "1525"]
[PlyCount "58"]
[EventDate "2016.06.12"]
[EventType "swiss"]
[EventRounds "7"]
[EventCountry "ESP"]
[SourceTitle "EXT 2024"]
[Source "ChessBase"]
[SourceDate "2023.10.10"]
[SourceVersion "1"]
[SourceVersionDate "2023.10.10"]
[SourceQuality "1"]

1. d4 Nf6 2. c4 g6 3. Nc3 d5 4. Nf3 Bg7 5. cxd5 Nxd5 6. e4 Nxc3 7. bxc3 c5 8. Be3 Bg4 9. Be2 Nc6 10. e5 0-0 11. 0-0 b6 12. h3 Be6 13. Qd2 Re8 14. Rfd1 cxd4 15. cxd4 Na5 16. Qb4 Rc8 17. Bb5 Bd7 18. Ba6 Nc6 19. Qd2 Rc7 20. Rac1 Nb8 21. Bc4 e6 22. Bd3 Nc6 23. Ng5 Na5 24. Ne4 Nb3 25. axb3 Rxc1 26. Rxc1 Qa8 27. Nd6 Rf8 28. Rc7 Bc6 29. g3 f6 1-0

[Event "FEDC Cup Div/1 16th"]
[Site "Cambrils"]
[Date "2015.11.27"]
[Round "6.4"]
[White "San Isidoro Castillo, Jose"]
[Black "Ortiz Amenos, Jose Luis"]
[Result "0-1"]
[WhiteElo "1446"]
[BlackElo "1955"]
[PlyCount "94"]
[EventDate "2015.11.22"]
[EventType "team-tourn"]
[EventRounds "7"]
[EventCountry "ESP"]
[SourceTitle "CBM 169 Extra"]
[Source "ChessBase"]
[SourceDate "2015.12.18"]
[SourceVersion "1"]
[SourceVersionDate "2015.12.18"]
[SourceQuality "1"]
[WhiteTeam "Barcelona II"]
[BlackTeam "Tarragona"]
[WhiteTeamCountry "ESP"]
[BlackTeamCountry "ESP"]

1. e4 c6 2. d4 d5 3. exd5 cxd5 4. Bd3 Nf6 5. Bf4 Nc6 6. c3 Bg4 7. Be2 Bxe2 8. Qxe2 e6 9. Nf3 Be7 10. 0-0 0-0 11. Nbd2 a6 12. Ne5 Rc8 13. Ndf3 Nd7 14. Rfd1 Bf6 15. Rac1 b5 16. b3 Nb6 17. Nxc6 Rxc6 18. Ne5 Bxe5 19. Bxe5 Qc8 20. Qg4 f6 21. Bf4 Rf7 22. Re1 Re7 23. h4 Nd7 24. h5 Nf8 25. Re3 Kf7 26. Rg3 g5 27. hxg6+ Nxg6 28. Be3 Rxc3 29. Rxc3 Qxc3 30. Qh5 Ke8 31. Kf1 Qa1+ 32. Ke2 Qxa2+ 33. Bd2 Qc2 34. Rc3 Qe4+ 35. Kf1 Qb1+ 36. Ke2 Kd7 37. b4 Qe4+ 38. Kf1 Qxd4 39. Qe2 Qe4 40. Re3 Qb1+ 41. Qe1 Qxe1+ 42. Kxe1 Kc6 43. Rc3+ Kb7 44. Ke2 Ne5 45. f3 Nc4 46. Bc1 d4 47. Rd3 e5 0-1

[Event "FEDC Cup Div/1 16th"]
[Site "Cambrils"]
[Date "2015.11.23"]
[Round "2.4"]
[White "Ampudia Asensio, Jose Luis"]
[Black "Ortiz Amenos, Jose Luis"]
[Result "1/2-1/2"]
[WhiteElo "1643"]
[BlackElo "1955"]
[PlyCount "41"]
[EventDate "2015.11.22"]
[EventType "team-tourn"]
[EventRounds "7"]
[EventCountry "ESP"]
[SourceTitle "CBM 169 Extra"]
[Source "ChessBase"]
[SourceDate "2015.12.18"]
[SourceVersion "1"]
[SourceVersionDate "2015.12.18"]
[SourceQuality "1"]
[WhiteTeam "Castilla y Leon"]
[BlackTeam "Tarragona"]
[WhiteTeamCountry "ESP"]
[BlackTeamCountry "ESP"]

1. d4 d5 2. Nf3 Nf6 3. c4 c6 4. g3 dxc4 5. Na3 Bf5 6. Nxc4 e6 7. Qb3 Na6 8. a3 b5 9. Nce5 Rc8 10. e3 Nb8 11. Ng5 Rc7 12. Bd2 h6 13. Ngf3 Rc8 14. Rc1 Bd6 15. Bg2 0-0 16. 0-0 Be4 17. Nd3 Bd5 18. Qc2 Be4 19. Qb3 Bd5 20. Qc2 Be4 21. Qb3 1/2-1/2

[Event "Linares FEDC-ch 24th"]
[Site "Linares"]
[Date "2014.11.23"]
[Round "8"]
[White "Ortiz Amenos, Jose Luis"]
[Black "Espadina Solano, Jaime E"]
[Result "1/2-1/2"]
[WhiteElo "2039"]
[BlackElo "1741"]
[PlyCount "78"]
[EventDate "2014.11.16"]
[EventType "swiss"]
[EventRounds "8"]
[EventCountry "ESP"]
[SourceTitle "CBM 163 Extra"]
[Source "ChessBase"]
[SourceDate "2014.12.23"]
[SourceVersion "1"]
[SourceVersionDate "2014.12.23"]
[SourceQuality "1"]

1. e4 e5 2. Nf3 Nc6 3. Bb5 a6 4. Ba4 Nf6 5. 0-0 b5 6. Bb3 Be7 7. d3 d6 8. a3 Bg4 9. c3 0-0 10. h3 Bd7 11. Re1 Na5 12. Bc2 c5 13. b4 Nc6 14. Nbd2 a5 15. bxc5 dxc5 16. Rb1 Rb8 17. Nf1 Be6 18. Bb2 Qc7 19. Qe2 Rfd8 20. Ne3 b4 21. axb4 cxb4 22. cxb4 Bxb4 23. Rec1 Qd6 24. Ba4 Nd4 25. Bxd4 exd4 26. Nc4 Qf4 27. Bc6 Bc3 28. Ba4 Bxc4 29. dxc4 Rxb1 30. Rxb1 Qxe4 31. Qa2 g6 32. Bb3 Rb8 33. c5 Kg7 34. Rd1 Rb7 35. Ng5 Qf5 36. Nxf7 Rxb3 37. Qxb3 Ne4 38. Nd6 Qxf2+ 39. Kh2 Qg3+ 1/2-1/2

[Event "Linares FEDC-ch 24th"]
[Site "Linares"]
[Date "2014.11.20"]
[Round "5"]
[White "Draghici Flutur, Gavril"]
[Black "Ortiz Amenos, Jose Luis"]
[Result "1-0"]
[WhiteElo "2164"]
[BlackElo "2039"]
[PlyCount "69"]
[EventDate "2014.11.16"]
[EventType "swiss"]
[EventRounds "8"]
[EventCountry "ESP"]
[SourceTitle "CBM 163 Extra"]
[Source "ChessBase"]
[SourceDate "2014.12.23"]
[SourceVersion "1"]
[SourceVersionDate "2014.12.23"]
[SourceQuality "1"]

1. e4 e6 2. d4 d5 3. Nc3 Nf6 4. Bd3 c5 5. exd5 cxd4 6. Bb5+ Bd7 7. Bxd7+ Qxd7 8. dxe6 fxe6 9. Nce2 Nc6 10. f4 Bc5 11. Nf3 0-0 12. a3 a5 13. Qd3 Rad8 14. 0-0 Qd5 15. Ng3 Ba7 16. Bd2 a4 17. Rae1 Bb8 18. Ng5 Rde8 19. Nh5 g6 20. Nxf6+ Rxf6 21. Qh3 Re7 22. Re2 Qf5 23. Qh4 h5 24. h3 Ba7 25. Kh1 Qxc2 26. Ne4 Rff7 27. Qg5 Rg7 28. Rc1 Qxb2 29. f5 gxf5 30. Nf6+ Kf7 31. Qxh5+ Rg6 32. Nh7 Re8 33. Ng5+ Kf6 34. Nxe6 Qb3 35. Bg5+ 1-0

[Event "Linares FEDC-ch 24th"]
[Site "Linares"]
[Date "2014.11.18"]
[Round "3"]
[White "Septien Lopez, Valeriano"]
[Black "Ortiz Amenos, Jose Luis"]
[Result "0-1"]
[WhiteElo "1811"]
[BlackElo "2039"]
[PlyCount "54"]
[EventDate "2014.11.16"]
[EventType "swiss"]
[EventRounds "8"]
[EventCountry "ESP"]
[SourceTitle "CBM 163 Extra"]
[Source "ChessBase"]
[SourceDate "2014.12.23"]
[SourceVersion "1"]
[SourceVersionDate "2014.12.23"]
[SourceQuality "1"]

1. e4 e6 2. d4 d5 3. Bd3 c5 4. exd5 exd5 5. Qe2+ Be7 6. dxc5 Nf6 7. Nf3 0-0 8. 0-0 Bxc5 9. c3 Bg4 10. Bg5 Nc6 11. h3 Re8 12. Qc2 Bxf3 13. Bxh7+ Kh8 14. gxf3 Qd6 15. Bf5 Qg3+ 16. Kh1 Qxg5 17. Rg1 Qf4 18. Nd2 Re2 19. Rad1 Rae8 20. Qd3 Rxf2 21. Rg2 Rxg2 22. Kxg2 Re3 23. Qb5 Qxf5 24. Qxc5 Re2+ 25. Kf1 Qd3 26. Re1 Rxd2+ 27. Kg1 Qg6+ 0-1

[Event "Valladolid Once-ch 23rd"]
[Site "Valladolid"]
[Date "2012.11.22"]
[Round "5"]
[White "Ortiz Amenos, Jose Luis"]
[Black "Sanchez Ruiz, Piedad Esmeralda"]
[Result "1-0"]
[WhiteElo "2057"]
[BlackElo "1823"]
[PlyCount "90"]
[EventDate "2012.11.18"]
[EventType "swiss"]
[EventRounds "8"]
[EventCountry "ESP"]
[SourceTitle "CBM 151 Extra"]
[Source "ChessBase"]
[SourceDate "2012.12.18"]
[SourceVersion "1"]
[SourceVersionDate "2012.12.18"]
[SourceQuality "1"]

1. e4 c5 2. Nf3 e6 3. d4 cxd4 4. Nxd4 a6 5. c4 Nf6 6. Nc3 d6 7. Be3 Be7 8. Be2 0-0 9. Qd2 Nbd7 10. a3 Qc7 11. Rc1 b6 12. 0-0 Bb7 13. f3 Rac8 14. b4 Qb8 15. Rc2 d5 16. exd5 exd5 17. cxd5 Bd6 18. h3 b5 19. Rd1 Nxd5 20. Nxd5 Bxd5 21. Nf5 Nf6 22. Nxd6 Qxd6 23. Bc5 Qc7 24. Rdc1 Rfe8 25. Bd4 Bc4 26. Bxc4 bxc4 27. Bxf6 gxf6 28. Qd4 Qe7 29. Rxc4 Rcd8 30. Qc5 Qe3+ 31. Qxe3 Rxe3 32. R1c3 Rdd3 33. Rg4+ Kf8 34. Rc8+ Ke7 35. a4 Ra3 36. b5 axb5 37. axb5 Rab3 38. Rc5 Re1+ 39. Kh2 Reb1 40. Re4+ Kf8 41. Rc8+ Kg7 42. Rg4+ Kh6 43. Rc6 Rxb5 44. Rxf6+ Kh5 45. Rxf7 Kh6 1-0

[Event "Valladolid Once-ch 23rd"]
[Site "Valladolid"]
[Date "2012.11.18"]
[Round "1"]
[White "Ortiz Amenos, Jose Luis"]
[Black "Ampudia Asensio, Jose Luis"]
[Result "1-0"]
[WhiteElo "2057"]
[BlackElo "1683"]
[PlyCount "73"]
[EventDate "2012.11.18"]
[EventType "swiss"]
[EventRounds "8"]
[EventCountry "ESP"]
[SourceTitle "CBM 151 Extra"]
[Source "ChessBase"]
[SourceDate "2012.12.18"]
[SourceVersion "1"]
[SourceVersionDate "2012.12.18"]
[SourceQuality "1"]

1. d4 d5 2. Nf3 Nf6 3. e3 Bf5 4. c4 c6 5. Nc3 e6 6. Bd3 Bxd3 7. Qxd3 Bb4 8. 0-0 0-0 9. a3 dxc4 10. Qxc4 Bxc3 11. bxc3 Nbd7 12. a4 Qa5 13. Ba3 Rfe8 14. Bb4 Qc7 15. Qb3 c5 16. Ba3 c4 17. Qc2 e5 18. Rab1 Ng4 19. h3 Ngf6 20. Rb2 e4 21. Nd2 Nb6 22. Rfb1 Rab8 23. Rb5 Nbd7 24. R5b4 Nb6 25. a5 Nbd5 26. Rb5 b6 27. axb6 axb6 28. Qb2 Ra8 29. Qc1 Ra4 30. Bb2 Rea8 31. Nxe4 Nxe4 32. Rxd5 Qc6 33. Re5 f6 34. Rf5 g6 35. Rf3 Qb5 36. Rf4 g5 37. Rxe4 1-0